Państwa według dwóch pierwszych liter - Statystyki

Ogólne statystyki
  • Ten quiz został rozwiązany 49 razy
    31 od ostatniego zresetowania
  • Średni wynik to 19 z 20
Statystyki odpowiedzi
Para liter Państwo % Poprawnych
AR Argentyna / Armenia
100%
CZ Czad / Czarnogóra / Czechy
100%
ES Estonia
100%
FR Francja
100%
GW Gwatemala / Gwinea / Gwinea Bissau / Gwinea Równikowa
100%
IR Irak / Iran / Irlandia
100%
JE Jemen
100%
NI Niemcy / Niger / Nigeria / Nikaragua
100%
PO Polska / Portugalia
100%
UZ Uzbekistan
100%
ZA Zambia
100%
BR Brazylia / Brunei
96%
SY Syria
96%
HI Hiszpania
93%
KU Kuba / Kuwejt
93%
LA Laos
89%
ME Meksyk
89%
RW Rwanda
89%
Dżibuti
86%
WY Wybrzeże Kości Słoniowej / Wyspy Marshalla / Wyspy Salomona / Wyspy Świętego Tomasza i Książęca
86%
Nie znaleziono quizów pasujących do podanych kryteriów
Rozkład punktacji
Procent ludzi z każdym wynikiem
Percentyl według liczby udzielonych odpowiedzi
Twoja historia wyników
Nie rozwiązałeś tego quizu od ostatniego zresetowania